000 00304nam a2200121Ia 4500
008 241015s9999 xx 000 0 und d
041 _aeng
082 _a332.6327 WIL
100 _aWild
245 _aExchange Traded Funds For Dummies
260 _bWiley India
_aNew Delhi
_c2022
300 _a430;. P. 23 cm
999 _c41856
_d41856